000 00897nam a2200229 4500
005 20090829135936.0
008 700514s1968 enka | 00| 1 eng
010 _aENG-94987
020 _c120.00
_a8189312049
035 _aEN-78520
037 _bDBAD / PUB
040 _adpl
_bEnglish
082 _a363.34
245 _aConfronting disasters:
_ccompiled by S.P. Udayakumar
_ba holistic approach /
260 _aNagercoil
_bTranscend South Asia
_c2009
270 _a42/27, Esankai Mani Veethy, Parakkai Road, Junction
_bNagercoil
_e629002
300 _a167p.
_c22cm (pbk)
500 _aIncludes bibliographical references
700 _aUdayakumar, S.P.
942 _2ddc
_cEN
_mCON
_h363.34
999 _c29799
_d29799